[Event "ODJM A 2015"]
[Site "Willingen GER"]
[Date "2015.05.30"]
[Round "9"]
[White "Borchert, Louis"]
[Black "Hartmann, Jakob"]
[Result "1/2-1/2"]
[Termination "normal"]
[Board "16"]
[WhiteElo "1829"]
[BlackElo "1914"]
[PlyCount "50"]
[WhiteFideId "12990680"]
[BlackFideId "12918067"]
[EventCountry "GER"]
[EventRounds "9"]
[EventType "swiss"]
[EventDate "2015.05.23"]

1. e4 e5 2. Nf3 Nc6 3. Bc4 Bc5 4. c3 Nf6 5. d4 exd4 6. e5 d5 7. Bb5 Ne4 8. cxd4
Bb6 9. Qc2 Bd7 10. Bxc6 Bxc6 11. O-O O-O 12. Nc3 f6 13. Be3 Ba5 14. exf6 gxf6
15. Ne2 Bb5 16. Rfd1 Bxe2 17. Qxe2 c6 18. Nh4 Bc7 19. Bh6 Rf7 20. Nf5 Kh8 21.
Bc1 Qd7 22. Qh5 Nd6 23. Ng3 Re7 24. Bf4 Rae8 25. h3 Qd8 1/2-1/2

[Event "ODJM A 2015"]
[Site "Willingen GER"]
[Date "2015.05.30"]
[Round "9"]
[White "Erofeev, Anastasia"]
[Black "Hesse, Henrik"]
[Result "1-0"]
[Termination "normal"]
[Board "17"]
[WhiteElo "1897"]
[BlackElo "1816"]
[PlyCount "83"]
[WhiteFideId "12917915"]
[BlackFideId "12952060"]
[EventCountry "GER"]
[EventRounds "9"]
[EventType "swiss"]
[EventDate "2015.05.23"]

1. e4 Nf6 2. Nc3 d5 3. e5 d4 4. exf6 dxc3 5. fxe7 cxd2+ 6. Qxd2 Qxd2+ 7. Bxd2
Bxe7 8. O-O-O O-O 9. Bc4 Bf5 10. Nf3 Nc6 11. a3 Rad8 12. Bf4 Rc8 13. Rhe1 Bg4
14. Bd5 Bc5 15. Bg3 Rfd8 16. Bxc6 bxc6 17. Rxd8+ Rxd8 18. Bxc7 Rc8 19. Bg3 f6
20. Nd2 Kf7 21. Ne4 Be7 22. Bd6 Re8 23. f3 Bd7 24. Bxe7 Rxe7 25. Nd6+ Kf8 26.
Rxe7 Kxe7 27. Nc4 Be6 28. Ne3 Kd6 29. Kd2 g5 30. g3 h5 31. Kd3 f5 32. f4 gxf4
33. gxf4 Bd7 34. b4 c5 35. Kc4 cxb4 36. axb4 a6 37. Kd4 Be6 38. c4 Kc6 39. Ke5
Kd7 40. c5 a5 41. bxa5 Bb3 42. Nxf5 1-0

[Event "ODJM A 2015"]
[Site "Willingen GER"]
[Date "2015.05.30"]
[Round "9"]
[White "Becker, Robin"]
[Black "Denkert, Robert"]
[Result "1/2-1/2"]
[Termination "normal"]
[Board "19"]
[WhiteElo "1958"]
[BlackElo "1737"]
[PlyCount "96"]
[WhiteFideId "12955698"]
[BlackFideId "12957216"]
[EventCountry "GER"]
[EventRounds "9"]
[EventType "swiss"]
[EventDate "2015.05.23"]

1. e4 e6 2. d4 d5 3. e5 c5 4. c3 Nc6 5. Nf3 cxd4 6. cxd4 Qb6 7. Bd3 Bd7 8. O-O
Nxd4 9. Nxd4 Qxd4 10. Nc3 Qc5 11. a4 a6 12. Ne2 Qc7 13. Be3 Ne7 14. Qb3 Nc6 15.
Rac1 Be7 16. f4 O-O 17. f5 exf5 18. Bxf5 Bxf5 19. Rxf5 Qd7 20. Rff1 Nxe5 21.
Rfd1 Bf6 22. Rxd5 Qg4 23. Ng3 Qe6 24. Qd1 Ng4 25. Bc5 Ne3 26. Bxe3 Qxe3+ 27.
Kh1 h6 28. Nf5 Qf4 29. Qf1 Qxf1+ 30. Rxf1 Rad8 31. Rd6 Rxd6 32. Nxd6 Bxb2 33.
Nxb7 Rb8 34. Nd6 Bf6 35. Ne4 Rb4 36. Nxf6+ gxf6 37. h3 Rxa4 38. Rxf6 Kg7 39.
Rb6 Ra1+ 40. Kh2 a5 41. Ra6 a4 42. Kg3 f6 43. Kg4 Kg6 44. Ra8 Ra2 45. Kf4 Kh5
46. Ra5+ Kh4 47. Kf3 Ra3+ 48. Kf2 Ra2+ 1/2-1/2

[Event "ODJM A 2015"]
[Site "Willingen GER"]
[Date "2015.05.30"]
[Round "9"]
[White "Longo, Claudio"]
[Black "Berger, Nadja"]
[Result "0-1"]
[Termination "normal"]
[Board "20"]
[WhiteElo "2013"]
[BlackElo "1808"]
[PlyCount "86"]
[WhiteFideId "12994766"]
[BlackFideId "24692212"]
[EventCountry "GER"]
[EventRounds "9"]
[EventType "swiss"]
[EventDate "2015.05.23"]

1. d4 d5 2. Bf4 Bf5 3. e3 Nf6 4. h3 Nbd7 5. Nf3 e6 6. Nbd2 c5 7. c3 Be7 8. Be2
h6 9. O-O O-O 10. Ne5 Nxe5 11. Bxe5 Nd7 12. Bh2 Rc8 13. Rc1 c4 14. Nf3 Qa5 15.
a3 b5 16. Ne5 Qd8 17. Nxd7 Qxd7 18. Qd2 a5 19. Bd1 Qb7 20. Bc2 Bxc2 21. Qxc2 b4
22. axb4 axb4 23. Ra1 Ra8 24. Rfb1 Rxa1 25. Rxa1 Ra8 26. Qc1 b3 27. Rb1 Ra2 28.
Bg3 Ba3 29. bxa3 b2 30. Qc2 Ra1 31. Kh2 Rxb1 32. Qxb1 Qb3 33. e4 dxe4 34. Bf4
Qxa3 35. Qxe4 Qa2 36. Qc6 b1=Q 37. Qe8+ Kh7 38. Bxh6 Kxh6 39. Qxf7 Qg6 40. Qf4+
Qg5 41. Qf8 Qc2 42. Qh8+ Qh7 43. Qe8 Qf4+ 0-1

[Event "ODJM A 2015"]
[Site "Willingen GER"]
[Date "2015.05.30"]
[Round "9"]
[White "Buhr, Patrick"]
[Black "Reitz, Philipp"]
[Result "0-1"]
[Termination "normal"]
[Board "21"]
[WhiteElo "1769"]
[BlackElo "1797"]
[PlyCount "80"]
[WhiteFideId "16206436"]
[BlackFideId "12973297"]
[EventCountry "GER"]
[EventRounds "9"]
[EventType "swiss"]
[EventDate "2015.05.23"]

1. c4 c5 2. g3 Nc6 3. Bg2 e5 4. Nc3 g6 5. d3 Bg7 6. Nf3 Nge7 7. O-O d6 8. Ne1
Be6 9. Nd5 h6 10. Nc2 O-O 11. Rb1 Rb8 12. a3 b5 13. Bd2 Nd4 14. Nxd4 cxd4 15.
Nxe7+ Qxe7 16. cxb5 Rxb5 17. b4 Bd5 18. a4 Bxg2 19. Kxg2 Rb6 20. Qb3 a6 21.
Rfc1 e4 22. Be1 Kh7 23. f3 f5 24. Rc2 h5 25. Rbc1 Qe5 26. Rc7 d5 27. b5 axb5
28. axb5 exf3+ 29. exf3 f4 30. Bf2 fxg3 31. hxg3 Qf5 32. f4 h4 33. Bxd4 Rbf6
34. Bxf6 h3+ 35. Kh2 Rxf6 36. b6 g5 37. d4 gxf4 38. Qb1 fxg3+ 39. Kxg3 Rg6+ 40.
Kh2 Qf2+ 0-1

[Event "ODJM A 2015"]
[Site "Willingen GER"]
[Date "2015.05.30"]
[Round "9"]
[White "Pysarenko, Kyrill"]
[Black "Gauchel, Lorenz"]
[Result "0-1"]
[Termination "normal"]
[Board "22"]
[WhiteElo "1482"]
[BlackElo "1748"]
[PlyCount "116"]
[WhiteFideId "12974250"]
[BlackFideId "12905283"]
[EventCountry "GER"]
[EventRounds "9"]
[EventType "swiss"]
[EventDate "2015.05.23"]

1. e4 Nf6 2. e5 Nd5 3. d4 d6 4. c4 Nb6 5. exd6 exd6 6. Nf3 Be7 7. Be2 O-O 8.
O-O Bg4 9. b3 Nc6 10. Nc3 Re8 11. h3 Bh5 12. Be3 Bf6 13. Qd2 Bg6 14. Rad1 d5
15. c5 Nc8 16. Bd3 Bxd3 17. Qxd3 h6 18. Rb1 N8e7 19. b4 Qd7 20. g4 Ng6 21. Ne2
Nh4 22. Nxh4 Bxh4 23. Kh2 Rad8 24. Ng1 Bf6 25. a3 Qe6 26. Rbd1 a6 27. Rfe1 Qe4
28. f3 Qxd3 29. Rxd3 Bxd4 30. Kg2 Re6 31. Re2 Bxe3 32. Rdxe3 Rxe3 33. Rxe3 Kf8
34. Kf2 Re8 35. Rd3 Ne7 36. Ne2 c6 37. Kf1 Ng6 38. a4 Rxe2 39. Kxe2 Nf4+ 40.
Ke3 Nxd3 41. Kxd3 g5 42. Ke3 Kg7 43. f4 gxf4+ 44. Kxf4 Kg6 45. h4 Kf6 46. h5 d4
47. Ke4 Kg5 48. Kxd4 Kxg4 49. Ke5 f5 50. Kd6 f4 51. Kc7 f3 52. Kxb7 f2 53. Kxc6
f1=Q 54. Kb6 Kxh5 55. b5 axb5 56. axb5 Qf8 57. c6 Qb8+ 58. Ka5 Qc7+ 0-1

[Event "ODJM A 2015"]
[Site "Willingen GER"]
[Date "2015.05.30"]
[Round "9"]
[White "Recktenwald, Cedric"]
[Black "Teichert, Felix"]
[Result "0-1"]
[Termination "normal"]
[Board "23"]
[WhiteElo "1492"]
[BlackElo "1804"]
[PlyCount "28"]
[WhiteFideId "12971928"]
[BlackFideId "12987670"]
[EventCountry "GER"]
[EventRounds "9"]
[EventType "swiss"]
[EventDate "2015.05.23"]

1. e4 d5 2. exd5 Nf6 3. Nc3 Nxd5 4. Nge2 Nb6 5. g3 g6 6. Bg2 Bg7 7. O-O O-O 8.
d3 Nc6 9. Be3 Ne5 10. Bd4 Rb8 11. Qe1 Re8 12. Rd1 Bg4 13. f4 Bxe2 14. Qxe2
Qxd4+ 0-1

[Event "ODJM A 2015"]
[Site "Willingen GER"]
[Date "2015.05.30"]
[Round "9"]
[White "Leonard, Timo"]
[Black "Tiedemann, Fin Niklas"]
[Result "1/2-1/2"]
[Termination "normal"]
[Board "24"]
[WhiteElo "1528"]
[BlackElo "1774"]
[PlyCount "51"]
[WhiteFideId "16208757"]
[BlackFideId "12936936"]
[EventCountry "GER"]
[EventRounds "9"]
[EventType "swiss"]
[EventDate "2015.05.23"]

1. e4 e5 2. Nf3 Nc6 3. d4 exd4 4. Nxd4 Nf6 5. Nc3 Bb4 6. Nxc6 bxc6 7. Bd3 d5 8.
exd5 cxd5 9. O-O O-O 10. Bg5 c6 11. Qf3 Be7 12. h3 h6 13. Bh4 Be6 14. Ne2 Nd7
15. Bxe7 Qxe7 16. Nd4 Ne5 17. Qg3 Nxd3 18. Nxe6 fxe6 19. Qxd3 e5 20. Rfe1 Rae8
21. Rad1 Qc5 22. Rd2 Qb4 23. c3 Qa5 24. b4 Qb6 25. Qe3 Qxe3 26. Rxe3 1/2-1/2

[Event "ODJM A 2015"]
[Site "Willingen GER"]
[Date "2015.05.30"]
[Round "9"]
[White "Jacob, Karl"]
[Black "Gröning, Finn Jonathan"]
[Result "1-0"]
[Termination "normal"]
[Board "25"]
[WhiteElo "1826"]
[BlackElo "1824"]
[PlyCount "63"]
[WhiteFideId "24696684"]
[BlackFideId "1271634"]
[EventCountry "GER"]
[EventRounds "9"]
[EventType "swiss"]
[EventDate "2015.05.23"]

1. Nf3 Nf6 2. d4 g6 3. Bf4 Bg7 4. e3 d6 5. Bd3 O-O 6. O-O Nh5 7. Bg3 Nxg3 8.
hxg3 Bg4 9. c3 c5 10. Nbd2 cxd4 11. exd4 Nc6 12. Qc2 Rc8 13. Qb3 Rc7 14. Rfe1
e5 15. dxe5 dxe5 16. Be4 Be6 17. Qa4 Qb8 18. Rad1 f5 19. Ng5 Bd7 20. Qb3+ Kh8
21. Bxc6 Rxc6 22. Nf7+ Rxf7 23. Qxf7 Be6 24. Qe7 Bxa2 25. Nf3 Bf6 26. Qb4 Rb6
27. Qc5 Rxb2 28. Nxe5 Bxe5 29. Rxe5 b6 30. Qe7 Rb1 31. Rxb1 Bxb1 32. Rd5 1-0

[Event "ODJM A 2015"]
[Site "Willingen GER"]
[Date "2015.05.30"]
[Round "9"]
[White "Wieber, Dominik"]
[Black "Hoppe, Andreas"]
[Result "1/2-1/2"]
[Termination "normal"]
[Board "26"]
[WhiteElo "1851"]
[BlackElo "1767"]
[PlyCount "41"]
[WhiteFideId "24699012"]
[BlackFideId "12922811"]
[EventCountry "GER"]
[EventRounds "9"]
[EventType "swiss"]
[EventDate "2015.05.23"]

1. e4 e6 2. d4 d5 3. exd5 exd5 4. Ne2 Bd6 5. Bf4 Nc6 6. c3 Bf5 7. Bxd6 Qxd6 8.
Ng3 Bg6 9. Bd3 Nge7 10. Qc2 O-O-O 11. Nd2 Qe6+ 12. Ne2 Rhe8 13. O-O-O Bxd3 14.
Qxd3 Ng6 15. Rde1 Qf6 16. Nf3 Re7 17. Kd1 Rde8 18. Ng3 Rxe1+ 19. Rxe1 Rxe1+ 20.
Nxe1 Nce7 21. Qe3 1/2-1/2

[Event "ODJM A 2015"]
[Site "Willingen GER"]
[Date "2015.05.30"]
[Round "9"]
[White "Lai Hop, Long"]
[Black "Tham, Minh"]
[Result "1-0"]
[Termination "normal"]
[Board "27"]
[WhiteElo "1885"]
[BlackElo "1600"]
[PlyCount "97"]
[WhiteFideId "12942707"]
[BlackFideId "12997323"]
[EventCountry "GER"]
[EventRounds "9"]
[EventType "swiss"]
[EventDate "2015.05.23"]

1. e4 e5 2. Nf3 Nc6 3. Bb5 a6 4. Ba4 Nf6 5. d3 Bc5 6. O-O b5 7. Bb3 O-O 8. c3
Bb7 9. Re1 d6 10. Nbd2 Bb6 11. Nf1 Ne7 12. Ng3 Ng6 13. d4 Re8 14. Bc2 Qe7 15.
Bg5 h6 16. Nf5 Qd8 17. dxe5 hxg5 18. exf6 Qxf6 19. Qd2 Nf4 20. Rad1 Rad8 21.
Qc1 Rb8 22. Qb1 Ba8 23. a4 Rbd8 24. axb5 axb5 25. Rd2 g4 26. N3d4 c6 27. Qd1
Ng6 28. Bb3 d5 29. Qxg4 dxe4 30. Rde2 Ne5 31. Qh3 Nd3 32. Rxe4 Nxe1 33. Rh4 g6
34. Nh6+ Kf8 35. Nxf7 c5 36. Nxd8 Nf3+ 37. Nxf3 Rxd8 38. Rh8+ Ke7 39. Rh7+ Ke8
40. Rf7 Qxf7 41. Bxf7+ Kxf7 42. Qh7+ Kf8 43. Qh6+ Ke7 44. Qg7+ Ke8 45. Qxg6+
Kf8 46. Qf6+ Ke8 47. h4 Bc7 48. Ne5 Bxe5 49. Qxe5+ 1-0

[Event "ODJM A 2015"]
[Site "Willingen GER"]
[Date "2015.05.30"]
[Round "9"]
[White "Engel, Robert"]
[Black "Faulhaber, Tobias"]
[Result "1/2-1/2"]
[Termination "normal"]
[Board "28"]
[WhiteElo "1718"]
[BlackElo "1917"]
[PlyCount "42"]
[WhiteFideId "12974684"]
[BlackFideId "1271914"]
[EventCountry "GER"]
[EventRounds "9"]
[EventType "swiss"]
[EventDate "2015.05.23"]

1. e4 e6 2. d4 d5 3. Nd2 a6 4. Ngf3 Nf6 5. e5 Nfd7 6. c4 dxc4 7. Bxc4 Nb6 8.
Be2 Be7 9. O-O O-O 10. Ne4 c5 11. dxc5 Nd5 12. Qd3 Qc7 13. Be3 Nc6 14. Bd4 Nf4
15. Qe3 Nxd4 16. Nxd4 Qxe5 17. Rfc1 f5 18. Ng3 Qxe3 19. fxe3 Nxe2+ 20. Ngxe2 e5
21. Nb3 Bg5 1/2-1/2

[Event "ODJM A 2015"]
[Site "Willingen GER"]
[Date "2015.05.30"]
[Round "9"]
[White "Biefel, Christian"]
[Black "Neumann, Tiemon"]
[Result "1/2-1/2"]
[Termination "normal"]
[Board "29"]
[WhiteElo "1769"]
[BlackElo "1664"]
[PlyCount "45"]
[WhiteFideId "24692646"]
[BlackFideId "12925462"]
[EventCountry "GER"]
[EventRounds "9"]
[EventType "swiss"]
[EventDate "2015.05.23"]

1. c4 Nf6 2. Nc3 g6 3. d4 Bg7 4. e4 d6 5. Nf3 O-O 6. Be2 Nbd7 7. O-O c5 8. d5
Nb6 9. h3 a6 10. a4 Qc7 11. Nh2 e5 12. dxe6 Bxe6 13. Nd5 Bxd5 14. exd5 Rfe8 15.
Qc2 Re7 16. Be3 Rae8 17. Rad1 Ne4 18. Bd3 Nd7 19. Nf3 Qb6 20. Bc1 Qb4 21. Rfe1
Nef6 22. Rxe7 Rxe7 23. Bd2 1/2-1/2

[Event "ODJM A 2015"]
[Site "Willingen GER"]
[Date "2015.05.30"]
[Round "9"]
[White "Bosse, Lea"]
[Black "Lohrmann, Tabea"]
[Result "1/2-1/2"]
[Termination "normal"]
[Board "30"]
[WhiteElo "1641"]
[BlackElo "1493"]
[PlyCount "82"]
[WhiteFideId "12900419"]
[BlackFideId "12911941"]
[EventCountry "GER"]
[EventRounds "9"]
[EventType "swiss"]
[EventDate "2015.05.23"]

1. d4 d5 2. Bf4 e6 3. e3 Nf6 4. Nd2 c5 5. c3 Nc6 6. Bd3 Bd6 7. Bg3 O-O 8. Ngf3
Re8 9. Ne5 Bxe5 10. Bxe5 Nxe5 11. dxe5 Nd7 12. f4 c4 13. Be2 Qb6 14. O-O Qxb2
15. Qc1 Qxc1 16. Raxc1 Nc5 17. Bd1 b5 18. Rb1 Bd7 19. Bc2 Rab8 20. Rb2 a5 21.
Rfb1 Na6 22. a3 b4 23. axb4 axb4 24. Ra1 bxc3 25. Rxb8 Nxb8 26. Nb1 Nc6 27.
Nxc3 g6 28. Rb1 Rb8 29. Rxb8+ Nxb8 30. Kf2 Kg7 31. Bd1 f6 32. exf6+ Kxf6 33. h4
h5 34. g4 hxg4 35. Bxg4 Bc6 36. h5 gxh5 37. Bxh5 e5 38. fxe5+ Kxe5 39. Be2 Nd7
40. Bf3 Nf6 41. Ke1 Kf5 1/2-1/2

[Event "ODJM A 2015"]
[Site "Willingen GER"]
[Date "2015.05.30"]
[Round "9"]
[White "Dittrich, Tom"]
[Black "Reck, Jessica"]
[Result "1-0"]
[Termination "normal"]
[Board "31"]
[WhiteElo "1762"]
[BlackElo "1620"]
[PlyCount "127"]
[WhiteFideId "12923532"]
[BlackFideId "12917931"]
[EventCountry "GER"]
[EventRounds "9"]
[EventType "swiss"]
[EventDate "2015.05.23"]

1. e4 c5 2. Nf3 e6 3. d4 cxd4 4. Nxd4 a6 5. c4 Qc7 6. Nc3 Nf6 7. a3 Be7 8. Be3
d6 9. Be2 Bd7 10. O-O Nc6 11. Rc1 O-O 12. Qd2 e5 13. Nb3 Be6 14. Nd5 Qd8 15.
Nxe7+ Qxe7 16. f3 Rac8 17. Rfd1 Ne8 18. Qd3 f5 19. c5 Rd8 20. cxd6 Qf7 21. Nc5
Rxd6 22. Qc3 Rxd1+ 23. Rxd1 Kh8 24. Nxe6 Qxe6 25. Bc4 Qg6 26. exf5 Qxf5 27. Bd3
Qd7 28. Qc2 Nd4 29. Bxd4 Qxd4+ 30. Qf2 Qxf2+ 31. Kxf2 Nf6 32. Ke3 Rd8 33. Bc2
Rxd1 34. Bxd1 Kg8 35. Bc2 g6 36. Kd3 Kf8 37. Kc4 b6 38. Kb4 Nd5+ 39. Ka4 Ne3
40. Bd3 Nxg2 41. Bxa6 Nh4 42. Bb7 Nf5 43. Kb5 Nd6+ 44. Kxb6 Nc4+ 45. Kb5 Nxb2
46. a4 Nxa4 47. Kxa4 Ke7 48. Kb4 g5 49. Kc5 Kf6 50. Bc8 h5 51. Kd5 g4 52. fxg4
hxg4 53. Bxg4 Kg5 54. h3 Kg6 55. h4 e4 56. Kxe4 Kh6 57. Kf5 Kg7 58. Bh5 Kh7 59.
Kf6 Kh6 60. Be8 Kh7 61. h5 Kh6 62. Bf7 Kh7 63. Bg6+ Kh6 64. Kf7 1-0

[Event "ODJM A 2015"]
[Site "Willingen GER"]
[Date "2015.05.30"]
[Round "9"]
[White "Döpper, Anna Bérénice"]
[Black "Baumann, Eva"]
[Result "1-0"]
[Termination "normal"]
[Board "32"]
[WhiteElo "1600"]
[BlackElo "1539"]
[PlyCount "117"]
[WhiteFideId "1271853"]
[BlackFideId "12998788"]
[EventCountry "GER"]
[EventRounds "9"]
[EventType "swiss"]
[EventDate "2015.05.23"]

1. e4 e5 2. Nf3 Nc6 3. Bb5 a6 4. Ba4 Nf6 5. d4 exd4 6. O-O Be7 7. Qe2 O-O 8.
Rd1 b5 9. Bb3 Bb7 10. e5 Ne8 11. c3 d3 12. Qxd3 d6 13. Qe2 Kh8 14. Bd5 Rb8 15.
c4 Na7 16. Nc3 Bxd5 17. Rxd5 c6 18. Rd1 Qc7 19. Bf4 Rd8 20. Ne4 Nc8 21. exd6
Bxd6 22. Nxd6 Rxd6 23. Bxd6 Ncxd6 24. cxb5 axb5 25. Rac1 Nf6 26. Nd4 Re8 27.
Qd3 Nc4 28. b3 Ne5 29. Qg3 Qa7 30. Nxc6 Nxc6 31. Rxc6 Qxa2 32. Rc7 Qe2 33. Rf1
Qe6 34. Qh3 Qd5 35. Rc8 h6 36. Rxe8+ Nxe8 37. Qf3 Qe6 38. h3 Nf6 39. Qd3 Qe5
40. Rc1 g5 41. Qe3 Qd5 42. Re1 Kg7 43. Qc3 Qf5 44. Re5 Qd7 45. g4 Qb7 46. Rf5
Qb6 47. Qd3 Qe6 48. Rxb5 Qe1+ 49. Qf1 Qd2 50. Rb7 Qd5 51. Rb5 Qd2 52. Qc4 Qd7
53. b4 Qd1+ 54. Kg2 Qd7 55. Rc5 Qb7+ 56. Rc6 Qd7 57. b5 Qb7 58. Qd4 Qe7 59.
Qxf6+ 1-0

[Event "ODJM A 2015"]
[Site "Willingen GER"]
[Date "2015.05.30"]
[Round "9"]
[White "Steffens, Oliver"]
[Black "Ehmann, Johanna"]
[Result "1-0"]
[Termination "normal"]
[Board "33"]
[WhiteElo "1665"]
[BlackElo "1671"]
[PlyCount "97"]
[WhiteFideId "12947148"]
[BlackFideId "12953130"]
[EventCountry "GER"]
[EventRounds "9"]
[EventType "swiss"]
[EventDate "2015.05.23"]

1. e4 e5 2. Nf3 Nc6 3. Bb5 a6 4. Bxc6 dxc6 5. O-O f6 6. d4 exd4 7. Nxd4 c5 8.
Nb3 Qxd1 9. Rxd1 Bg4 10. f3 Be6 11. Bf4 c6 12. Nc3 g5 13. Bg3 Be7 14. Na4 Bxb3
15. axb3 Nh6 16. Nb6 Rd8 17. Bc7 Rxd1+ 18. Rxd1 Nf7 19. Nc8 Bd8 20. Bxd8 Nxd8
21. Nd6+ Ke7 22. Nf5+ Ke8 23. Ng7+ Ke7 24. Nf5+ Ke8 25. Rd6 Rf8 26. Kf2 Kf7 27.
Rd7+ Kg8 28. Nh6+ Kh8 29. Rxd8 Rxd8 30. Nf7+ Kg7 31. Nxd8 b5 32. Nxc6 Kf7 33.
b4 cxb4 34. Nxb4 a5 35. Nc6 a4 36. Ke3 Ke6 37. Kd4 Kd6 38. Nb4 h5 39. g3 h4 40.
gxh4 gxh4 41. f4 h3 42. f5 Kc7 43. e5 fxe5+ 44. Kxe5 Kd7 45. Kf6 Ke8 46. Kg7
Ke7 47. f6+ Ke6 48. f7 Kd7 49. f8=Q 1-0

[Event "ODJM A 2015"]
[Site "Willingen GER"]
[Date "2015.05.30"]
[Round "9"]
[White "Brunner, Tobias"]
[Black "Kornitzky, Tino"]
[Result "0-1"]
[Termination "normal"]
[Board "34"]
[WhiteElo "1717"]
[BlackElo "1622"]
[PlyCount "54"]
[WhiteFideId "12949833"]
[BlackFideId "12970379"]
[EventCountry "GER"]
[EventRounds "9"]
[EventType "swiss"]
[EventDate "2015.05.23"]

1. Nf3 c5 2. Nc3 Nf6 3. e4 d6 4. Bc4 e6 5. d3 Nc6 6. Bg5 Be7 7. O-O h6 8. Bh4
O-O 9. Nd2 Nxe4 10. Bxe7 Nxc3 11. Bxd8 Nxd1 12. Bc7 d5 13. Rfxd1 dxc4 14. Nxc4
b6 15. a4 Ba6 16. Ne3 f5 17. h4 f4 18. Ng4 Rf7 19. Bd6 Rd8 20. Ne5 Rxd6 21.
Nxf7 Kxf7 22. Re1 Nd4 23. Rac1 f3 24. Kh2 fxg2 25. Kxg2 Bb7+ 26. Kg3 Nf5+ 27.
Kh3 Rd4 0-1

[Event "ODJM A 2015"]
[Site "Willingen GER"]
[Date "2015.05.30"]
[Round "9"]
[White "Hundrieser, Malte"]
[Black "Glaser, Maximilian"]
[Result "1-0"]
[Termination "normal"]
[Board "36"]
[WhiteElo "1659"]
[BlackElo "1721"]
[PlyCount "43"]
[WhiteFideId "12997153"]
[BlackFideId "12956961"]
[EventCountry "GER"]
[EventRounds "9"]
[EventType "swiss"]
[EventDate "2015.05.23"]

1. e4 e6 2. d4 c5 3. Nf3 cxd4 4. Nxd4 Nc6 5. Nc3 Nf6 6. Ndb5 Bc5 7. Nd6+ Ke7 8.
Nxc8+ Rxc8 9. Bd3 Ne5 10. O-O a6 11. Bf4 Ng6 12. Bd2 h5 13. h3 Ne5 14. Kh1 d5
15. f4 Nxd3 16. cxd3 dxe4 17. dxe4 Qc7 18. Rc1 Qb8 19. e5 Nd7 20. Ne4 Bd4 21.
Bb4+ Bc5 22. Nxc5 1-0

[Event "ODJM A 2015"]
[Site "Willingen GER"]
[Date "2015.05.30"]
[Round "9"]
[White "Udaykumar, Arunn Mark"]
[Black "Sauer, Annika"]
[Result "0-1"]
[Termination "normal"]
[Board "37"]
[WhiteElo "1824"]
[BlackElo "1646"]
[PlyCount "70"]
[WhiteFideId "12965456"]
[BlackFideId "12952052"]
[EventCountry "GER"]
[EventRounds "9"]
[EventType "swiss"]
[EventDate "2015.05.23"]

1. b3 d5 2. Bb2 Bf5 3. e3 e6 4. d3 Nd7 5. h4 h5 6. Nd2 Ngf6 7. Ngf3 Bg4 8. Be2
c5 9. c4 Bd6 10. d4 Qc7 11. Rc1 Qb8 12. a3 b6 13. Qc2 O-O 14. e4 dxe4 15. Nxe4
Nxe4 16. Qxe4 Bf5 17. Qe3 Bf4 18. Qc3 Bxc1 19. Bxc1 Nf6 20. Ng5 cxd4 21. Qxd4
Rd8 22. Qe3 Qd6 23. Bb2 Ng4 24. Qc3 f6 25. Nf3 Bd3 26. Bd1 Bxc4 27. Bc2 Bd3 28.
Bd1 Rac8 29. Qd2 Bf5 30. Qxd6 Rxd6 31. O-O Rcd8 32. Be2 Bd3 33. Bxd3 Rxd3 34.
b4 Rd1 35. Ne1 Nxf2 0-1

[Event "ODJM A 2015"]
[Site "Willingen GER"]
[Date "2015.05.30"]
[Round "9"]
[White "Leimbach, Tim Vincent"]
[Black "Kappelmann, Florian"]
[Result "1/2-1/2"]
[Termination "normal"]
[Board "39"]
[WhiteElo "1699"]
[BlackElo "1701"]
[PlyCount "40"]
[WhiteFideId "12988600"]
[BlackFideId "12973165"]
[EventCountry "GER"]
[EventRounds "9"]
[EventType "swiss"]
[EventDate "2015.05.23"]

1. e4 b6 2. d4 Bb7 3. Bd3 e6 4. Nf3 Nf6 5. Qe2 d5 6. e5 Ne4 7. Nbd2 Nxd2 8.
Bxd2 Be7 9. c3 c5 10. O-O Nc6 11. Rab1 c4 12. Bc2 a5 13. g3 Rb8 14. h4 b5 15.
Ng5 Bxg5 16. Bxg5 Ne7 17. a3 Bc6 18. b4 a4 19. Rbe1 Kd7 20. Kg2 Rb7 1/2-1/2

[Event "ODJM A 2015"]
[Site "Willingen GER"]
[Date "2015.05.30"]
[Round "9"]
[White "Schulz, Theresa Charlotte"]
[Black "Sinnhöfer, Jonas"]
[Result "0-1"]
[Termination "normal"]
[Board "40"]
[WhiteElo "1611"]
[BlackElo "1671"]
[PlyCount "96"]
[WhiteFideId "12952206"]
[BlackFideId "12982938"]
[EventCountry "GER"]
[EventRounds "9"]
[EventType "swiss"]
[EventDate "2015.05.23"]

1. d4 Nf6 2. e3 g6 3. Bd3 d6 4. f4 Bg7 5. Nf3 Nbd7 6. O-O O-O 7. c3 c5 8. Nbd2
Nd5 9. Qe1 f5 10. Bc4 N7b6 11. Bb3 Kh8 12. Ng5 h6 13. Ngf3 Be6 14. h3 Qc7 15.
Nh2 c4 16. Bc2 Nf6 17. Qg3 Bf7 18. e4 e6 19. e5 dxe5 20. fxe5 Nfd5 21. Ndf3 Qe7
22. Qf2 g5 23. g4 f4 24. Bb1 Bg8 25. h4 Qe8 26. hxg5 hxg5 27. Qg2 Bh6 28. Qh3
Kg7 29. Kf2 Qe7 30. Rh1 Bf7 31. Nxg5 Rh8 32. Nxf7 Qxf7 33. Nf3 Raf8 34. Bd2 Qe7
35. Qh5 Qf7 36. Qxf7+ Kxf7 37. Be4 Rfg8 38. g5 Bf8 39. Rxh8 Rxh8 40. a4 a5 41.
Ra3 Bxa3 42. bxa3 Kg7 43. g6 Nxa4 44. Bxd5 exd5 45. Bxf4 Nxc3 46. e6 Ne4+ 47.
Ke3 Kxg6 48. Ne5+ Kf5 0-1

[Event "ODJM A 2015"]
[Site "Willingen GER"]
[Date "2015.05.30"]
[Round "9"]
[White "Wissing, Philipp"]
[Black "Stockter, Jasper Enno"]
[Result "1-0"]
[Termination "normal"]
[Board "41"]
[WhiteElo "1558"]
[BlackElo "1484"]
[PlyCount "73"]
[WhiteFideId "12993654"]
[BlackFideId "12957291"]
[EventCountry "GER"]
[EventRounds "9"]
[EventType "swiss"]
[EventDate "2015.05.23"]

1. e4 e6 2. d4 d5 3. Nd2 Nf6 4. e5 Nfd7 5. Bd3 c5 6. c3 Nc6 7. Ne2 Qb6 8. Nf3
cxd4 9. cxd4 f6 10. exf6 Nxf6 11. O-O Bd6 12. b3 O-O 13. Bf4 Nb4 14. Re1 Nxd3
15. Qxd3 Ne4 16. Bxd6 Qxd6 17. Ng3 Nxg3 18. hxg3 Rf6 19. Re5 Rg6 20. Ng5 Bd7
21. Nxh7 Rh6 22. Ng5 Rf8 23. Rae1 Rf5 24. Rxf5 exf5 25. Re5 Qc6 26. Qd2 Rh5 27.
Nf3 Rh6 28. Qa5 a6 29. Qxd5+ Qxd5 30. Rxd5 Be6 31. Rd6 Bf7 32. Rd8+ Kh7 33.
Ng5+ Kg6 34. Nxf7 Kxf7 35. Rd7+ Kf6 36. Rxb7 Kg5 37. Rxg7+ 1-0